Governments-in-Exile by Flag - Statistics

General Stats
  • This quiz has been taken 47 times
  • The average score is 20 of 30
Answer Stats
Picture Hint Answer % Correct
1919-45 (in China) Provisional Government of the Republic of Korea
97%
1940-44 (in London, then Algiers) Free France
95%
1921-92 (possibly in West Germany) Ukrainian People's Republic in exile
95%
1939-45 (in Paris, then London) Czechoslovak government-in-exile
90%
1953-92 (in Oslo) Estonian government-in-exile
90%
1939-90 (in London) Government of the Republic of Poland in exile
90%
1971-72 (in Calcutta, India) Provisional Government of the People's Republic of Bangladesh
90%
1958-62 (in Cairo, then Tunis) GPRA - Provisional Government of the Algerian Republic
87%
1939-77 (in Paris) Government of the Spanish Republic in exile
82%
1941-44 (in London, then Cairo) Greek government-in-exile
82%
2013- (in Maryland) National Council of Iran (Reza Pahlavi-affiliated)
82%
1981- (in Paris) National Council of Resistance of Iran (MEK-affiliated)
82%
1959- (in Dharamshala, India) Central Tibetan Administration
79%
2013- (in Turkey) Syrian Interim Government
72%
1982-92 (in Cambodia) CGDK - Coalition Government of Democratic Kampuchea
69%
1993- (in Washington, D.C.) Crown Council of Ethiopia
69%
1995-2013 (in Garden Grove, Orange County, California) Government of Free Vietnam
69%
1991- (in Orange County, California) Third Republic of Vietnam
69%
1948-59 (in Cairo) All-Palestine Government
59%
1941-45 (in London) Yugoslav government-in-exile
59%
1921-54 (in France) Government of the Democratic Republic of Georgia in Exile
54%
1919- (in Ottowa since 1983) Rada of the Belarusian Democratic Republic
51%
2003- (in Oregon) Royal Lao Government in Exile
51%
1990-2012 (in Maryland) National Coalition Government of the Union of Burma
49%
1947- (in Berlin) Free City of Danzig Government in Exile
46%
1976- (in Algeria) SADR - Sahrawi Arab Democratic Republic
46%
2004- (in Washington, D.C.) East Turkistan [sic] Government-in-Exile
38%
1943-45 (in Rangoon and Singapore) Azad Hind - Provisional Government of Free India (Japanese puppet)
28%
2010- (international) Transnational Government of Tamil Eelam
28%
1966- (in the Netherlands) Republic of South Maluku/Moluccas
10%
No matching quizzes found
Score Distribution
Percent of People with Each Score
Percentile by Number Answered
Your Score History
You have not taken this quiz